000 00544nam a2200181 a 4500
001 000028183
005 20200930031423.0
008 110407s2010 dr 000 0 spa d
020 _a9789945473070
040 _aDO-SdBNP
_bspa
_cBNPHU
082 _axxxx
_bG182a
100 1 _aGalván, Héctor
_933971
245 1 0 _aAprendiendo de Dios /
_cHéctor Galván; prólogo Salomón Portillo Meza.
260 _aSanto Domingo :
_bSantuario,
_c2010.
300 _a146 p. ;
_c21 cm.
700 1 _aPortillo Meza, Salomón,
_epról.
_955185
049 _aBNPD
999 _c27675
_d27675